000 00731nam a2200205Ii 4500
003 JO-AjNU
008 230605s9999||||xx |||||||||||||| ||und||
017 _a1999/3/300
040 _aJO-AjNU
_bara
_erda
_cJO-AjNU
041 _aara
050 1 4 _aQA76.73 1999
100 3 _aالخياط ، صباح محمد امين/ م مشارك حنان عبد الوهاب قيضي ,
_eauthor
_927669
245 0 0 _aبرمجة الانترنت باستخدام لغة جافا
264 3 1 _aعمان,مؤسسة الوراق ، 1999
300 _a168ص
336 _atext
_btxt
_2rdacontent
337 _aunmediated
_bn
_2rdamedia
338 _avolume
_bnc
_2rdacarrier
650 4 _aالحاسبات الالكترونية-لغات
_927670
999 _aA10641
_c14209
_d14209